8 mots dans mots : haï (mort subite) - Statistiques

Statistiques générales
  • Ce quiz a été pris 19 fois
  • Le résultat moyen est 5 sur 8
Answers on the Grid
Answers color-coded by a green-red scale on the quiz's grid according to % correct below.
Ho---iller
Cra---uiller
Encartouc---ent
Draps - h---ses
Fra---ouillarde
C---ne - transfert
Proc---nement
Ch---houter
Rocking - c---rs
M---ouiller
T---landaise
Sou---ter
C---tchouter
Mini - c---nes
Enth---iasmer
Désenc---ner
 
Statistiques - réponses
Réponse % Correct
T---landaise
86%
Mini - c---nes
79%
Rocking - c---rs
79%
Proc---nement
71%
C---ne - transfert
64%
Désenc---ner
57%
Sou---ter
57%
Encartouc---ent
43%
Aucun quiz correspondant
Distribution des résultats
% des personnes avec chaque résultat
Percentile par nombre de réponses
Votre historique - résultats
Vous n’avez pas pris ce quiz